000 04182nab a2200325 i 4500
003 BR-BrBNA
005 20250423144353.0
008 250423b2020 bl.ar|pooa||| 00| 0 por |
040 _aBR-BrBNA
_bpor
072 _aF01
_b1190
072 _aF03
100 _aPinto, Matheus Queiros Firmino
100 _aCoutinho, Givago
100 _aBorges, Kelly Cristiene de Freitas
245 _aFotoblastismo na germinação de sementes de araçazeiro (Psidium guineense Swartz.)
500 _a Publicação online; 20 ref.; 3 illus.; Summaries (En, Pt)
520 _a Resumo: A propagação é o primeiro passo para a domesticação de espécies de interesse pelo homem. Contudo, muitas espécies ainda se encontram sem informações disponíveis quanto a formas e viabilidade de métodos de propagação. Assim,o objetivo deste trabalho foi determinar o comportamento germinativo de sementes de araçazeiro em relação ao fotoblastismo, ou seja, em presença e ausência de luminosidade. As sementes foram coletadas no munícipio de Caldas Novas, GO e a condução experimental ocorreu entre os meses de fevereiro e maio de 2020 em germinador, sob ambiente controlado em temperatura de 25°C com variação de ±2°C no laboratório Agroanálise no município de Goiatuba/GO. Foram avaliados: porcentagem de plântulas normais, porcentagem de plântulas estioladas, porcentagem de germinação e porcentagem de plântulas com folhas, sendo os dados em porcentagem transformados em arc sen √(P/100) e o Índice de Velocidade de Germinação (IVG), sem transformação. Conclui-se que as sementes de araçazeiro demonstraram maior potencial de germinação em ausência de luz sendo, portanto, fotoblásticas negativas, não germinando na presença de luz. A condição de ausência de luz não favoreceu o desenvolvimento das plântulas, o que causou um elevado quadro de estiolamento nas mesmas, enquanto que a condição de presença de luz favoreceu a formação de plântulas normais. Palavras-chave: Ausência de luz, Estiolamento, Luminosidade
520 _a Abstract: Propagation is the first step towards the domestication of species of interest to man. However, many species are still without information available on forms and viability of propagation methods. Thus, the objective of this work is to determine the behavior of araçazeiro seeds in relation to photoblastism, that is, in the presence and absence of light. The seeds were collected in the municipality of Caldas Novas, GO and the experimental conduction took place between February and May 2020 in a controlled environment with a germinator at a temperature of 25°C with a variation of ± 2°C in the Agroanalysis laboratory in the municipality of Goiatuba/GO. The following were evaluated: percentage of normal seedlings, percentage of stiolate seedlings, percentage of germination and percentage of seedlings with leaves, with the percentage data being transformed into arc sen √(P / 100) and the Germination Speed Index (IVG), without transformation. It is concluded that the araçazeiro seeds showed greater germination potential in dark conditions, being, therefore, photoblastic negative, not germinating in the presence of light. The condition of darkness did not favor the development of seedlings, which caused a high degree of estiolation in them, while the condition of light favored the formation of normal seedlings. Keyword: Absence of light, Estiolation. Brightness.
650 _aCERRADO
650 _aARAÇÁ
650 _aFRUTA TROPICAL
650 _aSEMENTE
650 _aGERMINAÇÃO
650 _aRADIAÇÃO LUMINOSA
650 _aPRÁTICA CULTURAL
773 0 _03583
_9349996
_dCruz das Almas-BA Universidade Federal da Bahia - Escola de Agronômia 1983
_o2025-2518
_tMagistra (Brazil)
_x0102-5333
_gv. 31 p. 568-576; (2020)
_wBR2025000790
856 _uhttps://periodicos.ufrb.edu.br/index.php/magistra/article/view/4357/2216
942 _cANA
999 _c331170
_d331170